| 000 | 01498nam a2200253 a 4500 | ||
|---|---|---|---|
| 001 | 000013522 | ||
| 005 | 20240306073903.0 | ||
| 008 | 091125s2008 dr a 000 0 spa d | ||
| 020 | _a9789945112658 (v. 1) | ||
| 020 | _a9789945112665 (v. 2) | ||
| 040 |
_aDO-SdBNP _bspa _cBNPHU |
||
| 082 |
_axxxx _bxxxx |
||
| 100 | 1 |
_aIncháustegui, María Isabel _929568 |
|
| 245 | 1 | 0 |
_aOrtografía : _beducación básica / _cMaría Isabel Incháustegui ; dirección editorial Obdulia García de Escobar ; ilustración Ruddy Núñez. |
| 260 |
_aSanto Domingo : _bSantillana, _c2008. |
||
| 300 |
_a8 v. : _bil. ; _c28 cm. |
||
| 490 | 1 | _aCoral | |
| 500 | _aEducación básica. | ||
| 505 | 0 |
_gv. 1 : _gunidad 1 -- _tA dormir -- _gunidad 2 -- _tLa madre coneja -- _gunidad 3 -- _tEl gato de angora -- _gunidad 4 -- _tEl zorro Cecilio -- _gunidad 5 -- _tEl canto de la cigüeña -- _gunidad 6 -- _tQue toquen los tambores -- _gunidad 7 -- _tMi lindo columpio -- _gunidad 8 -- _tLorenzo, mi loro -- _gunidad 9 -- _tNariz de zanahoria -- |
|
| 505 | 0 |
_gv. 2 : _gunidad 1 -- _tSonido r fuerte; sonido r suave -- _gunidad 2 -- _tPalabras con c-q, c-g -- _gunidad 3 -- _tPalabras con g-gu -- _gunidad 4 -- _tEl zorro Cecilio -- _gunidad 5 -- _tEl canto de la cigüeña -- _gunidad 6 -- _tQue toquen los tambores -- _gunidad 7 -- _tMi lindo columpio -- _gunidad 8 -- _tLorenzo, mi loro -- _gunidad 9 -- _tNariz de zanahoria -- |
|
| 700 | 1 |
_aGarcía Escobar, Obdulia de _edir. ed. _929220 |
|
| 700 | 1 |
_aNúñez, Ruddy _eil. _923171 |
|
| 830 | 0 |
_aCoral _930539 |
|
| 999 |
_c13146 _d13146 |
||